000 00715nam a2200193 a 4500
005 20140412111404.0
008 070302s19uu xx 00 eng d
020 _a0-7534-5056-9
050 _aREF 030
_bW872 1999
100 _aMacDonald, Fiona
245 _aI wonder why Greeks built temples and other questions about ancient china /
_cFiona MacDonald.
260 _aNew York :
_bKingfisher,
_c1999.
300 _a32
440 _aI wonder why
520 _aQuestions and answers introduce the clothing, food, weapons, religion, and other aspectsof daily life in ancient greece
650 _aGreece-Civilization-Juvenile literature
650 _aGreece-Civilization-Questions and answers
999 _c105523
_d105523